00603cam a2200181 a 4500020002200000041000800022082001700030100002400047245007600071250001200147260008100159300001300240650001400253650001900267942000700286952011100293999001700404 a0940368250 (pbk.) aENG00a297.448bKHO1 aKhomeini, Ruhollah.14aThe practical laws of Islam : An abridged version of Taudhih-al-Masa'il a2nd ed. aTehran, Islamic Republic of Iran :bIslamic Propagation Organization,c1985. a150 p. ; 0aShīʻah 0aReligious life cBK 00104070aHMIbHMIcGENd2020-01-06eDilip Vasvanil0o297.448 KHOp11004117r2026-01-16w2026-01-16yBK c22812d22812